A Perfectly Cromulent Quiz Stats

 Plays Quiz Updated Aug 29, 2012

Also try: The Simpsons
Challenge
Share
Tweet
Embed
Score 0/26 Timer 04:00
24 Plays Today
% Correct
Neighborino
91.1%
Tomacco
90.8%
Crayola Oblongata
90.1%
Screamapillar
89%
Posturologist
88.4%
Onetuplet
86.1%
Jebeditis
84.7%
Yellow Fatty-Beans
82.7%
America Junior
82.1%
Debigulator
81.7%
Uppity Box
81.5%
Rageohol
81.2%
Velocitator
80.2%
% Correct
Embiggen
79.9%
Blubber-in-law
79.8%
Word Hole
79.8%
Introubulate
78.7%
Hypohemia
77.1%
Fantastipotamus
69.6%
Quetzalzacatenango
65.8%
Cromulent
62.2%
Glavin
53.4%
Liberty Log
49.2%
Magumbo
44.2%
Kwyjibo
41%
Zazz
33.6%

You're not logged in!

Compare scores with friends on all Sporcle quizzes.
OR
Log In

You Might Also Like...

Show Comments

Extras

Top Quizzes Today


Score Distribution

Your Account Isn't Verified!

In order to create a playlist on Sporcle, you need to verify the email address you used during registration. Go to your Sporcle Settings to finish the process.

Report this User

Report this user for behavior that violates our Community Guidelines.

Details: